Welcome to CU Library Online Public Access Catalogue (OPAC)

CLASSICAL LITERARY THEORY AND CRITICISM (Record no. 1885)

MARC details
000 -LEADER
fixed length control field 00398nam a22001457a 4500
005 - DATE AND TIME OF LATEST TRANSACTION
control field 20241202101632.0
008 - FIXED-LENGTH DATA ELEMENTS--GENERAL INFORMATION
fixed length control field 241202b |||||||| |||| 00| 0 eng d
020 ## - INTERNATIONAL STANDARD BOOK NUMBER
International Standard Book Number 8185753458
050 ## - LIBRARY OF CONGRESS CALL NUMBER
Classification number PN87
Item number CLA
245 ## - TITLE STATEMENT
Title CLASSICAL LITERARY THEORY AND CRITICISM
260 ## - PUBLICATION, DISTRIBUTION, ETC.
Place of publication, distribution, etc. NEW DELHI
Name of publisher, distributor, etc. PENCRAFT INTERNATIONAL
Date of publication, distribution, etc. 2001
300 ## - PHYSICAL DESCRIPTION
Extent 156p
700 ## - ADDED ENTRY--PERSONAL NAME
Personal name EDITED BY DANI, A.P. ,MADGE V.M.
942 ## - ADDED ENTRY ELEMENTS (KOHA)
Source of classification or shelving scheme Library of Congress Classification
Koha item type Books
Suppress in OPAC No
999 ## -
-- 1885
-- 1885
Holdings
Withdrawn status Lost status Source of classification or shelving scheme Damaged status Not for loan Collection Home library Current library Shelving location Date acquired Total checkouts Full call number Barcode Date last seen Copy number Price effective from Koha item type
    Library of Congress Classification     Non-fiction Undergraduate Library (Christ Temple) Undergraduate Library (Christ Temple) General stacks 12/02/2024   PN87 CLA ulct00000055 12/02/2024 1 12/02/2024 Books
    Library of Congress Classification     Non-fiction Undergraduate Library (Christ Temple) Undergraduate Library (Christ Temple) General stacks 12/02/2024   PN87 CLA ulct00000066 12/02/2024 2 12/02/2024 Books
© 2023-2024 Copyright: Central University Libraries. All Rights Reserved | Created by: Mahone Tech Office